Dragon Ball Super-Les Dieux de la Destruction - Statistiques

Statistiques générales
  • Ce quiz a été pris 106 fois
  • Le résultat moyen est 6 sur 12
Statistiques - réponses
Univers Dieu de la Destruction % Correct
7 Beerus
100%
6 Champa
95%
4 Quitela
61%
11 Vermoudh
61%
8 Liquir
45%
5 Arak
37%
12 Gin
37%
9 Sidra
34%
1 Iwan
29%
2 Jerez
29%
3 Moscow
26%
10 Rhumushi
21%
Aucun quiz correspondant
Distribution des résultats
% des personnes avec chaque résultat
Percentile par nombre de réponses
Votre historique - résultats
Vous n’avez pas pris ce quiz